Foods That Are Red Quiz Stats

 Plays Quiz Updated Jul 14, 2017

Support Sporcle.
Go Orange.
Score 0/20 Timer 04:00
33 Plays Today
Column % Correct
Tomatoes
98.5%
Cherries
98.5%
Strawberries
98.4%
Red apples
97.6%
Tomato ketchup
97.4%
Red bell pepper
97.1%
Red grapes
96.8%
Watermelon flesh
96.6%
Lobster
95.5%
Rare beef
92.7%
Column % Correct
Red raspberries
90.7%
Chili peppers
85.3%
Red velvet cake
85.1%
Radishes
84.7%
Beetroot
84.2%
Red skittles
82.2%
Kidney beans
76.9%
Cranberry sauce
76.5%
Pomegranates
75.4%
Rhubarb
62%

From the Vault

Best Song Oscar & Billboard #1

by Kicking222

Music 5m
Incredibly nothing from the 'Glitter' soundtrack is on this quiz.
Remove Ads.
Support Sporcle.
Get the best of Sporcle when you Go Orange. This ad-free experience offers more features, more stats, and more fun while also helping to support Sporcle. Thank you for becoming a member.

Show Comments

Extras

Top Quizzes Today


Score Distribution

Your Account Isn't Verified!

In order to create a playlist on Sporcle, you need to verify the email address you used during registration. Go to your Sporcle Settings to finish the process.

Report this User

Report this user for behavior that violates our Community Guidelines.

Details: